000 00956nam a2200265Ia 4500
003 OSt
005 20221005105648.0
006 a|||||r|||| 00| 0
007 ta
008 221004b |||||||| |||| 00| 0 hin d
020 _a8181431758 (hbk)
024 _a23048
037 _bGift, 04/11/2015,
_cTextual
040 _aCRL
_cCRL
_bhin
041 _2hin
_ahin
082 _aX.1, 152P4
100 _aखेतान, प्रभा
245 0 _aबाज़ार के बीच
_b बाज़ार के खिलाफ
246 _aBāज़ār ke bīcha: bāज़ār ke khilāfa: bhūmanḍalīkaraṇ aur strī ke prashna
260 _aनई दिल्ली
_bवाणी प्रकाशन भारत
_c2004
300 _a253पृ0
_ccm.
650 _aअर्थशास्त्र
942 _hX.1, 152P4
_cTEXL
_2cc
999 _c1016494
_d1016494